000
00301nam a2200121 4500
999
_c
9652
_d
9652
003
OSt
005
20211127114206.0
008
211127b ||||| |||| 00| 0 eng d
100
_a
Mumtaz currim and george michell
245
_a
Dargahs:Abodes of the saints
260
_a
The marg foundation
942
_2
ddc